LEADER 00901nam0 2200265 450 001 000006218 005 20051222092719.0 010 $a88-464-6709-4 100 $a20051222d2005----km-y0itay50------ba 101 0 $aita 102 $aIT 105 $ay-------001yy 200 1 $a<>mestieri del patrimonio$eprofessioni e mercato del lavoro nei beni culturali in Italia$fEmilio Cabasino 210 $aMilano$cFranco Angeli$dc2005 215 $a346 p.$d23 cm 225 2 $aPubblico, professioni e luoghi della cultura$v2 410 0$12001$aPubblico, professioni e luoghi della cultura 610 1 $aPatrimonio culturale$aGestione$aProfessini 676 $a331.76136369$v20 700 1$aCabasino,$bEmilio$0437564 801 0$aIT$bUNIPARTHENOPE$c20051222$gRICA$2UNIMARC 912 $a000006218 951 $a331-M/4$b38205$cNAVA1$d2005 996 $aMestieri del patrimonio$964065 997 $aUNIPARTHENOPE